[Event "2BLS 1819 SC Emmendingen - SC Heusensta"]
[Site "?"]
[Date "2019.03.23"]
[Round "9.4"]
[White "Baklan, Vladimir"]
[Black "Wieczorek, Oskar"]
[Result "1/2-1/2"]
[WhiteElo "2614"]
[BlackElo "2500"]
[PlyCount "75"]
[EventDate "2019.??.??"]

1. e4 c5 2. Nf3 d6 3. d4 cxd4 4. Nxd4 Nf6 5. Nc3 g6 6. Be3 Bg7 7. Be2 Nc6 8.
Qd2 O-O 9. O-O-O d5 10. exd5 Nxd5 11. Nxc6 bxc6 12. Nxd5 cxd5 13. Qxd5 Qc7 14.
Qxa8 Bf5 15. Qxf8+ Kxf8 16. Bd3 Be6 17. Kb1 Kg8 18. Bc1 h5 19. Rhe1 Qa5 20.
Rxe6 fxe6 21. Bxg6 Bf6 22. Bd3 Qc5 23. Rf1 h4 24. h3 Qd4 25. a3 Kf7 26. Be2 a5
27. f4 e5 28. fxe5 Qxe5 29. Bf3 Kg7 30. Rd1 Kf7 31. Ka2 Qc5 32. Kb1 Qe5 33. Ka2
Qc5 34. c3 Qc4+ 35. Kb1 Kg7 36. Re1 Qd3+ 37. Ka1 Qc2 38. Bf4 1/2-1/2

[Event "2BLS 1819 SC Emmendingen - SC Heusensta"]
[Site "?"]
[Date "2019.03.23"]
[Round "9.5"]
[White "Klekowski, Maciej"]
[Black "Korpa, Bence"]
[Result "1/2-1/2"]
[WhiteElo "2499"]
[BlackElo "2503"]
[PlyCount "31"]
[EventDate "2019.??.??"]

1. c4 c5 2. g3 g6 3. Bg2 Bg7 4. Nc3 Nc6 5. d3 e6 6. e4 Nge7 7. Nge2 d6 8. O-O
O-O 9. Rb1 b6 10. Be3 Nd4 11. f4 Bb7 12. g4 f5 13. h3 Qd7 14. Ng3 Rad8 15. Qd2
d5 16. cxd5 1/2-1/2

[Event "2BLS 1819 SC Emmendingen - SC Heusensta"]
[Site "?"]
[Date "2019.03.23"]
[Round "9.6"]
[White "Sokolov, Andrei"]
[Black "Barski, Radoslaw"]
[Result "1/2-1/2"]
[WhiteElo "2497"]
[BlackElo "2476"]
[PlyCount "75"]
[EventDate "2019.??.??"]

1. e4 e5 2. Nf3 Nc6 3. Bb5 a6 4. Ba4 Nf6 5. O-O Be7 6. d3 d6 7. c3 O-O 8. Nbd2
b5 9. Bc2 d5 10. h3 d4 11. cxd4 exd4 12. a4 Bb7 13. Nb3 Ne8 14. Re1 g6 15. Bh6
Ng7 16. axb5 axb5 17. Rxa8 Bxa8 18. Nc1 Nb4 19. Bb3 c5 20. Na2 Nc6 21. Bd5 Na5
22. b4 Bxd5 23. exd5 cxb4 24. Nxd4 Bf6 25. Nc6 Qxd5 26. Ncxb4 Qd6 27. Qf3 Rd8
28. Nd5 Qxd5 29. Qxf6 Nh5 30. Qe5 f6 31. Qc7 Nc6 32. Nc3 Qd7 33. Qxd7 Rxd7 34.
g4 Ng7 35. Nxb5 Ne5 36. Rd1 Ne6 37. Be3 Rxd3 38. Rxd3 1/2-1/2

[Event "2BLS 1819 SC Emmendingen - SC Heusensta"]
[Site "?"]
[Date "2019.03.23"]
[Round "9.7"]
[White "Weichhold, Pawel"]
[Black "Miezis, Normunds"]
[Result "1/2-1/2"]
[WhiteElo "2431"]
[BlackElo "2464"]
[PlyCount "37"]
[EventDate "2019.??.??"]

1. e4 c5 2. Nf3 e6 3. d4 cxd4 4. Nxd4 a6 5. Nc3 Qc7 6. a3 b5 7. f4 Bb7 8. Be2
Nf6 9. e5 Ne4 10. Nxe4 Bxe4 11. Bf3 Bxf3 12. Qxf3 Nc6 13. c3 Be7 14. O-O O-O
15. Be3 Rac8 16. Rad1 d6 17. exd6 Bxd6 18. Nxc6 Qxc6 19. Qxc6 1/2-1/2

[Event "2BLS 1819 SC Emmendingen - SC Heusensta"]
[Site "?"]
[Date "2019.03.23"]
[Round "9.8"]
[White "Burri, Quentin"]
[Black "Solonar, Stefan"]
[Result "1-0"]
[WhiteElo "2422"]
[BlackElo "2303"]
[PlyCount "101"]
[EventDate "2019.??.??"]

1. e4 c5 2. Nf3 Nc6 3. Bb5 g6 4. c3 Nf6 5. Qe2 Bg7 6. h3 O-O 7. d4 cxd4 8. cxd4
d5 9. e5 Ne4 10. O-O Bf5 11. Bxc6 bxc6 12. Be3 Qb6 13. Rc1 Rab8 14. b3 f6 15.
Nc3 Nxc3 16. Rxc3 Rbc8 17. Rac1 Bd7 18. Rc5 Qb7 19. Ra5 Ra8 20. Bd2 Rfc8 21.
Ne1 Qb6 22. Rac5 fxe5 23. dxe5 e6 24. Be3 Qb4 25. Nd3 Qe4 26. Ra5 d4 27. Rc4 c5
28. Raxc5 Bc6 29. f3 Qxe3+ 30. Qxe3 dxe3 31. Rxc6 Rd8 32. Rd6 Bxe5 33. Rxe6 Bd4
34. Kf1 Rac8 35. Re4 Bb6 36. Ke2 Rb8 37. Rc2 Rb7 38. Nb2 a6 39. Nc4 Ba7 40.
Nxe3 Rbd7 41. Nc4 Rd1 42. Rd2 R8xd2+ 43. Nxd2 Rg1 44. g4 Rg2+ 45. Kd3 Rh2 46.
Rc4 Bg1 47. Rc1 Bf2 48. Rc8+ Kg7 49. Rc7+ Kh6 50. Ne4 Bh4 51. a4 1-0

[Event "2BLS 1819 FB Mörlenbach-Birkenau - TSV"]
[Site "?"]
[Date "2019.03.23"]
[Round "9.1"]
[White "Saric, Ante"]
[Black "Kunin, Vitaly"]
[Result "0-1"]
[WhiteElo "2540"]
[BlackElo "2513"]
[PlyCount "86"]
[EventDate "2019.??.??"]

1. Nf3 d5 2. d4 a6 3. e3 Bg4 4. c4 dxc4 5. Bxc4 e6 6. h3 Bh5 7. O-O Nf6 8. Be2
Nc6 9. Nbd2 Bd6 10. b3 O-O 11. Bb2 Qe8 12. Rc1 Rd8 13. Nc4 Nd5 14. Ng5 Bg6 15.
Bf3 Be7 16. Ne4 b5 17. Ncd2 Ncb4 18. Ra1 Nd3 19. Qb1 Nxb2 20. Qxb2 f5 21. Nc3
Nxc3 22. Qxc3 c5 23. dxc5 Bf6 24. Qa5 Bxa1 25. Rxa1 e5 26. Nf1 e4 27. Be2 Qe5
28. Rc1 Qb2 29. Re1 Rc8 30. Qxa6 Rxc5 31. Bxb5 Bf7 32. Rd1 Rc2 33. Bc4 Bxc4 34.
bxc4 Rxf2 35. Qe6+ Kh8 36. Qe7 Rxg2+ 37. Kh1 Rg8 38. Rd8 h6 39. Rxg8+ Kxg8 40.
Qe6+ Kh7 41. Qxf5+ Rg6 42. Ng3 Qc1+ 43. Nf1 Qxc4 0-1

[Event "2BLS 1819 FB Mörlenbach-Birkenau - TSV"]
[Site "?"]
[Date "2019.03.23"]
[Round "9.2"]
[White "Galdunts, Sergey"]
[Black "Hirneise, Tobias"]
[Result "0-1"]
[WhiteElo "2418"]
[BlackElo "2447"]
[PlyCount "66"]
[EventDate "2019.??.??"]

1. e4 e5 2. Nf3 Nc6 3. Bb5 Nf6 4. d3 d6 5. c3 Be7 6. Nbd2 O-O 7. Nf1 a6 8. Ba4
b5 9. Bc2 d5 10. Ng3 dxe4 11. dxe4 Qxd1+ 12. Bxd1 h6 13. Nd2 Be6 14. Ndf1 Rfd8
15. Ne3 Bf8 16. Bb3 Bxb3 17. axb3 a5 18. Bd2 Nd7 19. O-O-O Nc5 20. Kc2 b4 21.
Nc4 a4 22. bxa4 b3+ 23. Kb1 Rxa4 24. Na3 Nd3 25. Be3 Bxa3 26. bxa3 Rxa3 27. Rd2
b2 28. Kc2 Ra1 29. Rb1 Rxb1 30. Kxb1 Na5 31. Bd4 Nc4 32. Rxd3 Ra8 33. Ba7 Rxa7
0-1

[Event "2BLS 1819 FB Mörlenbach-Birkenau - TSV"]
[Site "?"]
[Date "2019.03.23"]
[Round "9.4"]
[White "Beck, Daniel"]
[Black "Menezes, Christoph"]
[Result "0-1"]
[WhiteElo "2130"]
[BlackElo "2397"]
[PlyCount "108"]
[EventDate "2019.??.??"]

1. Nf3 Nf6 2. c4 e6 3. Nc3 d5 4. d4 Bb4 5. e3 O-O 6. Bd3 Nc6 7. O-O a6 8. Qe2
h6 9. Rd1 Qe7 10. h3 dxc4 11. Bxc4 Bd6 12. e4 e5 13. dxe5 Nxe5 14. Nxe5 Bxe5
15. Nd5 Nxd5 16. Bxd5 c6 17. Bb3 Qf6 18. Rb1 Re8 19. Be3 Bc7 20. Bc2 Be6 21. b3
Be5 22. Rd2 Rad8 23. Rbd1 g5 24. Bb6 Rxd2 25. Qxd2 Kg7 26. Bd4 Bxd4 27. Qxd4
Qxd4 28. Rxd4 Kf6 29. Kh2 Ke5 30. Rd2 h5 31. Kg3 h4+ 32. Kf3 c5 33. Ke3 Rc8 34.
Bd3 b5 35. Bf1 Rc6 36. g3 hxg3 37. fxg3 c4 38. bxc4 bxc4 39. h4 c3 40. Rc2 gxh4
41. gxh4 Bxa2 42. Rxa2 c2 43. Rxc2 Rxc2 44. Bxa6 Rh2 45. Bc8 Rxh4 46. Bf5 Rh6
47. Kf3 Rb6 48. Kg3 Rb3+ 49. Kg4 Re3 50. Kg5 Rg3+ 51. Kh6 Kf6 52. Kh7 Rg5 53.
Bc8 Ke5 54. Bb7 Rg4 0-1

[Event "2BLS 1819 FB Mörlenbach-Birkenau - TSV"]
[Site "?"]
[Date "2019.03.23"]
[Round "9.5"]
[White "Wenninger, Philipp"]
[Black "Boehmer, Christian"]
[Result "1-0"]
[WhiteElo "2387"]
[BlackElo "2152"]
[PlyCount "89"]
[EventDate "2019.??.??"]

1. d4 g6 2. c4 Bg7 3. Nc3 d6 4. e4 Nc6 5. Be3 e5 6. d5 Nce7 7. Bd3 f5 8. f3 Nf6
9. Nge2 fxe4 10. Nxe4 Nf5 11. Bg5 h6 12. Bxf6 Bxf6 13. Nxf6+ Qxf6 14. Qd2 Nh4
15. O-O Bf5 16. Be4 g5 17. Rac1 O-O 18. Ng3 b6 19. b4 Bg6 20. c5 Nf5 21. cxb6
cxb6 22. Qd3 Nxg3 23. hxg3 Bxe4 24. Qxe4 Rf7 25. Rc6 Kg7 26. Rfc1 Re8 27. b5
Rd8 28. a4 h5 29. Rc8 Rdd7 30. R1c6 Qe7 31. Qe2 Rf5 32. Qc2 Rf7 33. Ra8 Rd8 34.
Rcc8 Rxc8 35. Rxc8 Qf6 36. Qe4 Rd7 37. Qc4 Re7 38. Ra8 e4 39. fxe4 h4 40. gxh4
gxh4 41. e5 Rxe5 42. Rxa7+ Kh6 43. Qc1+ Rg5 44. Qe3 Qb2 45. Qe4 1-0

[Event "2BLS 1819 FB Mörlenbach-Birkenau - TSV"]
[Site "?"]
[Date "2019.03.23"]
[Round "9.6"]
[White "Klings, Peter"]
[Black "Lorscheid, Gerhard"]
[Result "1/2-1/2"]
[WhiteElo "2088"]
[BlackElo "2208"]
[PlyCount "36"]
[EventDate "2019.??.??"]

1. Nf3 Nf6 2. c4 g6 3. Nc3 Bg7 4. e4 d6 5. d4 O-O 6. Be2 c5 7. O-O cxd4 8. Nxd4
Nc6 9. Be3 Nd7 10. Rc1 Nxd4 11. Bxd4 Bh6 12. Rc2 Nc5 13. f3 f5 14. b4 Ne6 15.
Bf2 Nf4 16. c5 Be6 17. Nd5 fxe4 18. fxe4 dxc5 1/2-1/2

[Event "2BLS 1819 FB Mörlenbach-Birkenau - TSV"]
[Site "?"]
[Date "2019.03.23"]
[Round "9.8"]
[White "Eich, Luca"]
[Black "Koelle, Tobias"]
[Result "0-1"]
[WhiteElo "1718"]
[BlackElo "2126"]
[PlyCount "58"]
[EventDate "2019.??.??"]

1. e4 e5 2. Nf3 Nc6 3. Nc3 Nf6 4. d4 exd4 5. Nxd4 Bb4 6. Nxc6 bxc6 7. Bd3 O-O
8. Bg5 d5 9. exd5 cxd5 10. O-O c6 11. Qf3 Be6 12. Bxf6 Qxf6 13. Qxf6 gxf6 14.
Ne2 Bd6 15. Ng3 Rab8 16. Rab1 c5 17. c3 Rb7 18. Nf5 Bf4 19. g3 Bc7 20. f4 Ba5
21. Ne3 c4 22. Be2 Bb6 23. Kf2 Bh3 24. Rfe1 Re8 25. Bf3 Rbe7 26. Bxd5 Rxe3 27.
Rxe3 Rxe3 28. Bh1 Rxc3+ 29. Ke1 Rc2 0-1

[Event "2BLS 1819 SG Speyer-Schwegenheim - SV J"]
[Site "?"]
[Date "2019.03.23"]
[Round "9.1"]
[White "Krassowizkij, Jaroslaw"]
[Black "Oleksiyenko, Mykhaylo"]
[Result "0-1"]
[WhiteElo "2463"]
[BlackElo "2590"]
[PlyCount "126"]
[EventDate "2019.??.??"]

1. e4 e5 2. Nf3 Nc6 3. Bb5 Nf6 4. O-O Nxe4 5. d4 Nd6 6. Bxc6 dxc6 7. dxe5 Nf5
8. Qxd8+ Kxd8 9. h3 Ne7 10. b3 Ng6 11. Bb2 Be7 12. Nc3 Nf4 13. Rad1+ Ke8 14.
Bc1 Ne6 15. Ne4 a5 16. Nfg5 Nxg5 17. Bxg5 a4 18. Rfe1 Bxg5 19. Nxg5 Ke7 20. f4
h6 21. Nf3 axb3 22. axb3 g6 23. g4 Be6 24. Nd4 c5 25. Nxe6 Kxe6 26. f5+ gxf5
27. gxf5+ Kxf5 28. Rd7 Rhf8 29. Rxc7 b6 30. Rc6 Rg8+ 31. Kf1 Rg6 32. e6 Rxe6
33. Rexe6 fxe6 34. Ke2 Rb8 35. c4 h5 36. h4 Ke5 37. Ke3 Rb7 38. Kf3 Rb8 39. Ke3
Rb7 40. Kf3 Kf5 41. Ke3 e5 42. Kf3 e4+ 43. Ke3 Rd7 44. Rxb6 Rd3+ 45. Ke2 Rh3
46. Rc6 Rxh4 47. Rxc5+ Kf4 48. Rc8 Rh2+ 49. Kf1 Rb2 50. c5 Rxb3 51. c6 Rb1+ 52.
Ke2 Rb2+ 53. Kf1 Ke3 54. c7 Rc2 55. Kg1 h4 56. Kh1 h3 57. Kg1 Rg2+ 58. Kh1 Rg7
59. Kh2 Rh7 60. Kg1 h2+ 61. Kh1 Rf7 62. Re8 Rxc7 63. Kxh2 Rg7 0-1

[Event "2BLS 1819 SG Speyer-Schwegenheim - SV J"]
[Site "?"]
[Date "2019.03.23"]
[Round "9.2"]
[White "Abasov, Nijat"]
[Black "Heidenfeld, Mark"]
[Result "1-0"]
[WhiteElo "2627"]
[BlackElo "2356"]
[PlyCount "125"]
[EventDate "2019.??.??"]

1. e4 e5 2. Nf3 Nc6 3. Bb5 a6 4. Bxc6 dxc6 5. O-O Bd6 6. d4 exd4 7. Qxd4 f6 8.
Nbd2 Be6 9. b3 Nh6 10. Nc4 Nf7 11. Qc3 Qe7 12. Nxd6+ cxd6 13. Re1 O-O 14. a4
Rfe8 15. Bf4 Rad8 16. Nd4 Qd7 17. h3 d5 18. Nxe6 Rxe6 19. exd5 Qxd5 20. Rxe6
Qxe6 21. Re1 Qf5 22. Bc7 Rc8 23. Re7 Kf8 24. Qe3 Qxc2 25. Qe6 Qd1+ 26. Kh2 Ng5
27. Rf7+ Nxf7 28. Qxc8+ Ke7 29. Qxb7 Qd7 30. Qb4+ Nd6 31. Bb8 Qd8 32. Ba7 Ke6
33. Bc5 f5 34. Qd4 Nb7 35. Qe3+ Kf7 36. Qe5 Nxc5 37. Qxf5+ Kg8 38. Qxc5 Qb8+
39. g3 Qb7 40. b4 h6 41. h4 Qf7 42. Kg2 Qb7 43. a5 h5 44. Kg1 g6 45. Qb6 Qc8
46. Qa7 Kf8 47. Qc5+ Ke8 48. Kg2 Qb7 49. Kf3 Kf7 50. Ke4 Qc8 51. Qa7+ Kf6 52.
Qd4+ Kf7 53. Qe5 Qb7 54. Qc5 Qc8 55. Qc4+ Kf6 56. Kf3 Qb7 57. Qc5 Kf7 58. Ke3
Qc8 59. Qc4+ Kf6 60. Kd4 Ke7 61. Kc5 Qb7 62. Qe4+ Kd7 63. Qd4+ 1-0

[Event "2BLS 1819 SG Speyer-Schwegenheim - SV J"]
[Site "?"]
[Date "2019.03.23"]
[Round "9.3"]
[White "Anistratov, Dmitriy"]
[Black "Kantans, Toms"]
[Result "0-1"]
[WhiteElo "2297"]
[BlackElo "2513"]
[PlyCount "76"]
[EventDate "2019.??.??"]

1. d4 Nf6 2. Bf4 g6 3. c3 Bg7 4. Nf3 d6 5. h3 O-O 6. e3 b6 7. Be2 Bb7 8. O-O
Nbd7 9. Bh2 e6 10. a4 a5 11. Na3 Ne4 12. Nb5 e5 13. Re1 h6 14. Bf1 Kh7 15. Qc2
f5 16. Rad1 Re8 17. Qb3 Re7 18. Qc2 exd4 19. Nfxd4 Ne5 20. f3 Nf6 21. Bxe5 Rxe5
22. Bc4 Qd7 23. Rd2 Rae8 24. Rde2 c5 25. f4 Re4 26. Bd3 cxd4 27. Nxd4 Rxd4 28.
exd4 Rxe2 29. Rxe2 Be4 30. Qd1 d5 31. Bb5 Qd6 32. Qd2 Nh5 33. Rf2 Bf6 34. b4
Bh4 35. Rf1 Bg3 36. bxa5 bxa5 37. Qb2 Bxf4 38. Rc1 Be3+ 0-1

[Event "2BLS 1819 SG Speyer-Schwegenheim - SV J"]
[Site "?"]
[Date "2019.03.23"]
[Round "9.4"]
[White "Shytaj, Luca"]
[Black "Trussevich, Sergey"]
[Result "1-0"]
[WhiteElo "2479"]
[BlackElo "2269"]
[PlyCount "151"]
[EventDate "2019.??.??"]

1. Nc3 c5 2. e4 e6 3. Nf3 a6 4. d4 cxd4 5. Nxd4 Qc7 6. Bd3 Nf6 7. Qe2 d6 8. Bg5
Nbd7 9. O-O-O Be7 10. f4 O-O 11. Rhe1 Nc5 12. Nb3 Nxd3+ 13. Rxd3 Re8 14. Rg3
Rd8 15. Rf1 Re8 16. e5 Nd7 17. Bxe7 Rxe7 18. f5 exf5 19. Nd5 Qd8 20. Nxe7+ Qxe7
21. Nd4 Nxe5 22. Nxf5 Bxf5 23. Rxf5 Qe6 24. Qe4 Qh6+ 25. Qe3 Qe6 26. Qe4 Qh6+
27. Qf4 Qe6 28. b3 g6 29. Rf6 Qe7 30. Qf2 Rc8 31. Rf4 Qc7 32. Kb2 b5 33. Qd2
Qc5 34. Rd4 Rc6 35. Rd5 Qb6 36. Rc3 Rxc3 37. Qxc3 Kf8 38. Rd2 Ke7 39. Qd4 Qc7
40. a3 h5 41. h3 Qc6 42. Rf2 Ke6 43. Qc3 Qb7 44. Rd2 Ke7 45. Rd4 Ke6 46. Qd2
Qb6 47. a4 Qc5 48. axb5 axb5 49. Qc3 Qb6 50. Qb4 Qc6 51. Rd2 Qa6 52. Qe4 Qc6
53. Qd4 f6 54. Rf2 Qc5 55. Rd2 f5 56. h4 Qxd4+ 57. Rxd4 Nc6 58. Rd1 f4 59. Kc3
d5 60. Ra1 d4+ 61. Kd2 Kf5 62. Ra6 Ne5 63. Rb6 f3 64. gxf3 Nxf3+ 65. Ke2 Nxh4
66. Rxb5+ Kg4 67. Rb8 Nf5 68. b4 h4 69. Kf2 Ne3 70. b5 Nxc2 71. b6 d3 72. b7
Nb4 73. Rd8 Nc6 74. Rxd3 h3 75. Rd6 h2 76. Kg2 1-0

[Event "2BLS 1819 SG Speyer-Schwegenheim - SV J"]
[Site "?"]
[Date "2019.03.23"]
[Round "9.5"]
[White "Matt, Fabian"]
[Black "Nemeth, Miklos"]
[Result "0-1"]
[WhiteElo "2283"]
[BlackElo "2491"]
[PlyCount "104"]
[EventDate "2019.??.??"]

1. d4 Nf6 2. c4 e6 3. Nf3 b6 4. g3 Bb7 5. Bg2 Be7 6. O-O O-O 7. Nc3 Ne4 8. Qc2
Nxc3 9. Qxc3 Be4 10. Rd1 Bf6 11. Bf4 Nc6 12. Ne5 Bxg2 13. Kxg2 Bxe5 14. Bxe5 d6
15. Bf4 Qe8 16. b4 f5 17. Rd3 Ne7 18. c5 Nd5 19. Qd2 a5 20. Rc1 Nxb4 21. Rb3 e5
22. dxe5 dxe5 23. a3 Rd8 24. Qb2 exf4 25. axb4 a4 26. Rf3 fxg3 27. cxb6 cxb6
28. hxg3 Qe6 29. b5 Rc8 30. Rfc3 Rxc3 31. Rxc3 Qe5 32. Kg1 h6 33. Qa2+ Kh8 34.
Qc4 Ra8 35. Re3 Qc5 36. Qxc5 bxc5 37. Ra3 Kh7 38. Kg2 Kg6 39. Kf3 Kf6 40. e4
Ke5 41. exf5 Kxf5 42. b6 Ke5 43. Ke3 Kd5 44. b7 Rb8 45. Rxa4 Rxb7 46. Rf4 Rb6
47. Rf7 g6 48. Kd3 h5 49. g4 hxg4 50. Rf4 g3 51. f3 Rb4 52. Rf6 Rg4 0-1

[Event "2BLS 1819 SG Speyer-Schwegenheim - SV J"]
[Site "?"]
[Date "2019.03.23"]
[Round "9.6"]
[White "Horvath, Adam"]
[Black "Georgescu, Lena"]
[Result "1-0"]
[WhiteElo "2520"]
[BlackElo "2185"]
[PlyCount "107"]
[EventDate "2019.??.??"]

1. e4 e5 2. Nf3 Nc6 3. Bc4 Bc5 4. c3 Nf6 5. d3 d6 6. Bb3 h6 7. Nbd2 a5 8. Nf1
b5 9. Ng3 O-O 10. O-O Bb6 11. d4 exd4 12. cxd4 Bg4 13. Be3 a4 14. Bc2 Nb4 15.
Bb1 c5 16. h3 Bxf3 17. Qxf3 cxd4 18. Bf4 Nc6 19. Nf5 Ne5 20. Bxe5 dxe5 21. Bd3
g6 22. Nxh6+ Kg7 23. Ng4 Nxg4 24. Qxg4 b4 25. Rac1 Rc8 26. h4 Rh8 27. g3 Rc7
28. Kg2 Qe8 29. Qg5 f6 30. Qd2 g5 31. Rxc7+ Bxc7 32. Rc1 Qd7 33. Bb5 Qxb5 34.
Rxc7+ Kg6 35. Qd1 Qb6 36. Qc1 gxh4 37. Qc4 Rf8 38. Rc6 Qb7 39. Qe6 h3+ 40. Kh2
Kg7 41. Kxh3 Kh8 42. Kg2 Qh7 43. Qd5 Qe7 44. Re6 Qc7 45. Rd6 Qc8 46. Rd7 Qa8
47. Qd6 Qe8 48. Rb7 Kg8 49. Rxb4 Qa8 50. Qe6+ Kg7 51. Qg4+ Kh6 52. Rb6 Qa7 53.
Rc6 Qb7 54. Rc1 1-0

[Event "2BLS 1819 SG Speyer-Schwegenheim - SV J"]
[Site "?"]
[Date "2019.03.23"]
[Round "9.7"]
[White "Roemer, Ulrich"]
[Black "Kovacs, Gabor"]
[Result "0-1"]
[WhiteElo "2193"]
[BlackElo "2457"]
[PlyCount "68"]
[EventDate "2019.??.??"]

1. d4 Nf6 2. Nf3 e6 3. e3 b6 4. Bd3 Bb7 5. O-O Be7 6. c4 O-O 7. Nc3 d5 8. b3 c5
9. Bb2 cxd4 10. exd4 Nc6 11. Re1 Rc8 12. Rc1 Re8 13. cxd5 exd5 14. Bf5 Ra8 15.
Ne5 g6 16. Bh3 a6 17. g3 Bf8 18. Qd2 Qd6 19. Qf4 Rad8 20. Na4 Re7 21. Re3 Nh5
22. Qf3 Bh6 23. Nxc6 Rxe3 24. fxe3 Bxc6 25. Nxb6 Re8 26. Nc8 Qc7 27. Rc3 Rxc8
28. Bxc8 Qxc8 29. e4 Qd7 30. e5 Ng7 31. Ba3 Ne6 32. Bc5 Ng5 33. Qf6 Ne4 34. e6
fxe6 0-1

[Event "2BLS 1819 SG Speyer-Schwegenheim - SV J"]
[Site "?"]
[Date "2019.03.23"]
[Round "9.8"]
[White "Commercon, Simon"]
[Black "Bossinger, Patrick"]
[Result "1/2-1/2"]
[WhiteElo "2269"]
[BlackElo "2005"]
[PlyCount "53"]
[EventDate "2019.??.??"]

1. d4 Nf6 2. c4 g6 3. g3 Bg7 4. Bg2 O-O 5. Nc3 d6 6. Nf3 c5 7. O-O cxd4 8. Nxd4
Nc6 9. Nxc6 bxc6 10. Bxc6 Bh3 11. Bg2 Bxg2 12. Kxg2 Qc7 13. Qd3 Rfc8 14. Nd5
Nxd5 15. cxd5 Qc2 16. Rb1 Qxd3 17. exd3 Rc5 18. b4 Rxd5 19. Rb3 a5 20. bxa5
Rdxa5 21. a3 Bd4 22. Re1 e6 23. Re2 Rc8 24. Be3 Bxe3 25. fxe3 Rc1 26. Ra2 Rac5
27. Kf3 1/2-1/2

[Event "2BLS 1819 SC Heusenstamm - OSG Baden-Ba"]
[Site "?"]
[Date "2019.03.24"]
[Round "10.1"]
[White "Muzychuk, Mariya"]
[Black "Sadzikowski, Daniel"]
[Result "1-0"]
[WhiteElo "2560"]
[BlackElo "2521"]
[PlyCount "113"]
[EventDate "2019.??.??"]

1. e4 c6 2. d4 d5 3. Nc3 dxe4 4. Nxe4 Bf5 5. Ng3 Bg6 6. h4 h6 7. Nf3 Nd7 8. h5
Bh7 9. Bd3 Bxd3 10. Qxd3 e6 11. Bd2 Ngf6 12. O-O-O Be7 13. Kb1 Qb6 14. Rhe1 O-O
15. Nf5 exf5 16. Rxe7 Qd8 17. Re2 Ne4 18. g3 Qf6 19. Bf4 Rad8 20. c3 c5 21. d5
b5 22. Nd2 c4 23. Nxe4 cxd3 24. Nxf6+ Nxf6 25. Rxd3 Rxd5 26. Rxd5 Nxd5 27. Bc1
Rd8 28. Re5 f4 29. Bxf4 Nxf4 30. gxf4 a6 31. Kc2 g6 32. hxg6 fxg6 33. Re6 Kg7
34. Rxa6 h5 35. a4 bxa4 36. Rxa4 h4 37. b4 Kf6 38. Ra1 Kf5 39. Rh1 Rh8 40. b5
Kxf4 41. c4 h3 42. b6 Ke5 43. b7 Rb8 44. Rxh3 Rxb7 45. Rd3 Rf7 46. f3 Rc7 47.
Kc3 Rc8 48. Rd4 Rf8 49. Rd5+ Kf4 50. Rd6 g5 51. Rd3 Rc8 52. Kb3 Rb8+ 53. Kc2
Rg8 54. c5 Ke5 55. Kb3 g4 56. fxg4 Rxg4 57. c6 1-0

[Event "2BLS 1819 SC Heusenstamm - OSG Baden-Ba"]
[Site "?"]
[Date "2019.03.24"]
[Round "10.2"]
[White "Krejci, Jan"]
[Black "Gozzoli, Yannick"]
[Result "1/2-1/2"]
[WhiteElo "2570"]
[BlackElo "2633"]
[PlyCount "43"]
[EventDate "2019.??.??"]

1. e4 e5 2. Nf3 Nc6 3. Bb5 a6 4. Ba4 Nf6 5. O-O Be7 6. Re1 b5 7. Bb3 d6 8. c3
O-O 9. h3 Bb7 10. d4 Re8 11. Ng5 Rf8 12. Nf3 Re8 13. Nbd2 Bf8 14. Bc2 g6 15. a4
exd4 16. Nxd4 Bg7 17. N4b3 b4 18. cxb4 Nxb4 19. Na5 Bd5 20. Bb1 c5 21. Nac4 Bb7
22. Ra3 1/2-1/2

[Event "2BLS 1819 SC Heusenstamm - OSG Baden-Ba"]
[Site "?"]
[Date "2019.03.24"]
[Round "10.3"]
[White "Martin, Julian"]
[Black "Polak, Tomas"]
[Result "0-1"]
[WhiteElo "2375"]
[BlackElo "2514"]
[PlyCount "82"]
[EventDate "2019.??.??"]

1. e4 e5 2. Nf3 Nc6 3. Nc3 Nf6 4. Bb5 Bb4 5. O-O O-O 6. d3 d6 7. Bg5 Bxc3 8.
bxc3 Qe7 9. Re1 Nd8 10. d4 Ne6 11. Bc1 Rd8 12. Bf1 c6 13. g3 h6 14. Bg2 Qc7 15.
Nh4 Qa5 16. Bd2 Qa4 17. Rb1 c5 18. Nf5 cxd4 19. cxd4 Nxd4 20. Nxd4 Qxd4 21. Bb4
Qxd1 22. Rexd1 Ne8 23. Bf1 Bg4 24. Rd2 Rac8 25. Bb5 Bd7 26. Bxd7 Rxd7 27. Rbd1
b6 28. a4 Rc6 29. a5 bxa5 30. Bxa5 Kf8 31. Bb4 Ke7 32. c3 Ke6 33. f3 Nc7 34. c4
Na6 35. Ba3 Nc5 36. Rd5 Nb7 37. Rb1 Ra6 38. Rb3 Na5 39. Rc3 Nxc4 40. Bb4 Rc7
41. Rd1 Ra4 0-1

[Event "2BLS 1819 SC Heusenstamm - OSG Baden-Ba"]
[Site "?"]
[Date "2019.03.24"]
[Round "10.5"]
[White "Bellahcene, Bilel"]
[Black "Klekowski, Maciej"]
[Result "1/2-1/2"]
[WhiteElo "2560"]
[BlackElo "2499"]
[PlyCount "36"]
[EventDate "2019.??.??"]

1. d4 Nf6 2. Nf3 e6 3. c4 b6 4. g3 Bb7 5. Bg2 Be7 6. O-O O-O 7. Nc3 Ne4 8. Bd2
d5 9. cxd5 exd5 10. Ne5 Nd7 11. Nxe4 dxe4 12. Nc4 Nf6 13. Bf4 Nh5 14. Bc1 Nf6
15. b3 Qd7 16. Bb2 Rfd8 17. Qc2 Rac8 18. Rac1 Qe6 1/2-1/2

[Event "2BLS 1819 SC Heusenstamm - OSG Baden-Ba"]
[Site "?"]
[Date "2019.03.24"]
[Round "10.6"]
[White "Barski, Radoslaw"]
[Black "Schmaltz, Roland"]
[Result "0-1"]
[WhiteElo "2476"]
[BlackElo "2452"]
[PlyCount "70"]
[EventDate "2019.??.??"]

1. e4 d6 2. d4 Nf6 3. Nc3 g6 4. Be3 a6 5. Nf3 Bg7 6. Qd2 O-O 7. O-O-O b5 8. Bd3
Bb7 9. e5 Ng4 10. h3 Nxe3 11. Qxe3 e6 12. Be4 d5 13. Bd3 c5 14. dxc5 Nc6 15.
Qf4 Qa5 16. Kb1 b4 17. Ne2 Qxc5 18. Ned4 a5 19. h4 Nxd4 20. Nxd4 h6 21. h5 g5
22. Qe3 a4 23. f4 a3 24. fxg5 axb2 25. gxh6 Rxa2 26. Bh7+ Kxh7 27. Kxa2 Bxe5
28. Kxb2 Ra8 29. Rh3 Bh8 30. Qf4 f5 31. Rg3 Qa5 32. Rgd3 Bf6 33. g4 Ba6 34. Qd6
Bxd3 35. Qd7+ Kh8 0-1

[Event "2BLS 1819 SC Heusenstamm - OSG Baden-Ba"]
[Site "?"]
[Date "2019.03.24"]
[Round "10.7"]
[White "Mutschnik, Illya"]
[Black "Weichhold, Pawel"]
[Result "1/2-1/2"]
[WhiteElo "2398"]
[BlackElo "2431"]
[PlyCount "46"]
[EventDate "2019.??.??"]

1. e4 c5 2. Nf3 Nc6 3. d4 cxd4 4. Nxd4 g6 5. Nc3 Bg7 6. Be3 Nf6 7. Bc4 O-O 8.
Bb3 d6 9. f3 Bd7 10. Qd2 Rc8 11. O-O-O Nxd4 12. Bxd4 b5 13. Nd5 Nxd5 14. Bxg7
Kxg7 15. exd5 a5 16. a3 b4 17. axb4 axb4 18. Qxb4 Kg8 19. Rhe1 Re8 20. Re3 Rb8
21. Qd4 Qa5 22. Bc4 Rb4 23. Ra3 Ra4 1/2-1/2

[Event "2BLS 1819 SV Griesheim - SC Emmendingen"]
[Site "?"]
[Date "2019.03.24"]
[Round "10.1"]
[White "Bauer, Christian"]
[Black "Jarmula, Lukasz"]
[Result "1-0"]
[WhiteElo "2654"]
[BlackElo "2477"]
[PlyCount "77"]
[EventDate "2019.??.??"]

1. Nf3 Nf6 2. g3 g6 3. Bg2 Bg7 4. O-O O-O 5. d4 d6 6. a4 a5 7. Re1 Nc6 8. d5
Nb4 9. e4 e6 10. dxe6 fxe6 11. c3 Nc6 12. e5 Ng4 13. Bg5 Qd7 14. exd6 cxd6 15.
Na3 d5 16. Nb5 Kh8 17. h3 Nge5 18. Nxe5 Nxe5 19. Bf4 Nc6 20. Nc7 g5 21. Nxa8
gxf4 22. Nb6 Qc7 23. Nxc8 Qxc8 24. gxf4 Rxf4 25. Re3 Rf6 26. Rf3 Rh6 27. Qe2
Be5 28. Re1 Rg6 29. Re3 Qg8 30. f4 Bxf4 31. Rxe6 d4 32. Rxg6 hxg6 33. Qe8 d3
34. Bxc6 bxc6 35. Kf2 c5 36. Qxg8+ Kxg8 37. Re4 Bc1 38. Rc4 Bxb2 39. Rxc5 1-0

[Event "2BLS 1819 SV Griesheim - SC Emmendingen"]
[Site "?"]
[Date "2019.03.24"]
[Round "10.2"]
[White "Tazbir, Marcin"]
[Black "Rausis, Igors"]
[Result "1/2-1/2"]
[WhiteElo "2536"]
[BlackElo "2657"]
[PlyCount "31"]
[EventDate "2019.??.??"]

1. d4 d5 2. c4 dxc4 3. Nf3 Nf6 4. e3 e6 5. Bxc4 c5 6. O-O Nc6 7. dxc5 Qxd1 8.
Rxd1 Bxc5 9. a3 O-O 10. b4 Be7 11. Bb2 b6 12. Be2 Bb7 13. Nc3 Rfd8 14. Kf1 Rac8
15. Rxd8+ Rxd8 16. Rd1 1/2-1/2